Kindle County, Illinois Cities and Townships (Map) - Statistics

General Stats
  • This quiz has been taken 21 times
    13 since last reset
  • The average score is 3 of 45
Answers on the Map
Answers color-coded by a green-red scale on the quiz's map according to % correct below.
 
Answer Stats
City, township % Correct
Highlands
100%
Myrick
50%
Myrick
50%
Myrick
50%
Myrick
50%
Bryce/North Mascouten
0%
Burr Oak
0%
Burr Oak
0%
Dennisland
0%
Dennisland Township
0%
Easton
0%
Easton
0%
Easton
0%
Frielstown
0%
Frielstown
0%
Gailton
0%
Hickory
0%
Ichabod
0%
Illiniwek
0%
Illiniwek
0%
Illiniwek
0%
Kickapoo
0%
Kroehlers
0%
Kroehlers
0%
Kroehlerville
0%
Kroehlerville
0%
Kroehlerville
0%
Mascouten
0%
Mascouten
0%
Mascouten
0%
Mascouten
0%
Meskwaki
0%
Midway River
0%
Nearing
0%
Oxford
0%
Pullingport
0%
Ridgeville
0%
Rivière du Vieux
0%
Saltowns
0%
Somerston/Bremen
0%
Tinfort
0%
Tinfort
0%
Walnut Garden
0%
Walnut Garden
0%
Winneshiek
0%
No matching quizzes found
Score Distribution
Percent of People with Each Score
Percentile by Number Answered
Your Score History
You have not taken this quiz since the last reset